Quizzes
Events
Quiz Creation
Community
Videos
Private Events
Remove Ads
Sign In
Join for FREE
Feedback
Dark Mode
Quiz Categories
Sports
Geography
Music
Movies
Television
Just For Fun
Miscellaneous
History
Literature
Language
Science
Gaming
Entertainment
Religion
Holiday
For Kids
Quiz Lab
Recent
Popular Today
Quiz Kudos Today
Editor Picks
Curator Picks
Quizzes by...
Day
Popularity
Type
Ratings
Length
Year
Community
Subscriptions
Recent Discussions
Orange Saloon
Badges
Playlists
Quests
Create
Leaderboards
Showdown
Live 5
Trivia Bingo
Activity
Puzzle Library
Sporcle Events
Private Events
Virtual Trivia
Globe League
Become a Host
Pub Owners
SporcleCon
Opinionation
Our Games
Videos
Blog
Mobile Apps
Partnerships
Remove Ads and Go Orange
Feedback
Movies
Disney
Marvel Cinematic Universe
Movie Resume
Movie Titles
Oscar
Actor
Actress
Director
Pixar
Role
Movie Quotes
Movie Characters
Box Office
Nominee
Best Picture
Star Wars
James Bond
Horror Movies
Movies
Disney
Marvel Cinematic Universe
Movie Resume
Movie Titles
Oscar
Actor
Actress
Director
Pixar
Role
Movie Quotes
Movie Characters
Box Office
Nominee
Best Picture
Star Wars
James Bond
Horror Movies
Random Quiz
Search Sporcle
×
Quiz Lab
Quiz Lab
Movies
Newspaper
Type in answers that appear in a list
Type in answers that appear in a list
Classic
Best Score? Go Orange.
Extra! Extra! See All About It! Stats
Can you name the films given their newspaper headline description?
By
tcatron565
10m
20 Questions
264 Plays
264 Plays
264 Plays
Comments
Comments
Give Quiz Kudos
Give Quiz Kudos
-
- Ratings
hide this ad
More Info
Random Order
Randomize order of answers
Randomize order of answers
Replay
Link that replays current quiz
Next Quiz
Link to next quiz in quiz playlist
You Got
0%
They Got
Avg Score
62%
Avg Friend Score
Upgrade to see
Score Distribution
Jump to the score distribution portion of the page
Score
0/20
Timer
10:00
0
Plays Today
Headline
Film
% Correct
OGRE FALLS IN LOVE WITH LORD'S FIANCÉE
Shrek
91.7%
MAN PRETENDS TO BE SUBSTITUTE TO MAKE A BAND
School of Rock
90.5%
MAN AND CHILD ESCAPE ON HOUSE COVERED IN BALLOONS
Up
90.2%
MAN RELIVES FEBRUARY 2 OVER AND OVER AGAIN
Groundhog Day
89%
FAMILY OF SUPERHEROES SAVE WORLD FROM GIANT ROBOT
The Incredibles
85.6%
MISSING ZOO ANIMALS FOUND IN AFRICA
Madagascar
85.6%
TWO FATHERS START BABYSITTING SERVICE
Daddy Day Care
81.8%
CANADIAN WOMAN WEDS TO AVOID DEPORTATION
The Proposal
65.5%
TROUBLED TEEN DISCOVERS NEIGHBOR'S A MURDERER
Disturbia
62.5%
NEGLECTED GIRL DEVELOPS EXTRAORDINARY MENTAL ABILITIES
Matilda
60.6%
Headline
Film
% Correct
MISSING T.V. DOG FOUND WITH CAT AND HAMSTER
Bolt
60.2%
GIRL SAVES STRANGE WORLD FROM EVIL QUEEN
Alice in Wonderland
59.8%
MAN INTRODUCES COCAINE TO U.S.
Blow
59.1%
FEMALE HIGH SCHOOL STUDENT AND MALE CRIMINAL SWITCH BODIES
The Hot Chick
56.4%
SINGLE MOM LOSES DAUGHTER ON AIRPLANE
Flightplan
50.8%
FBI AGENT DRESSES UP AS WOMAN TO PROTECT WITNESS
Big Momma's House
48.1%
THREE MEN FIND LOST TREASURE AND FOIL COP'S PLANS
Without a Paddle
39.8%
YOUNG COUPLE PLANS TO MURDER ELDERLY TENNANT
Duplex
36%
COUPLE REUNITES 10 YEARS AFTER ONE-
NIGHT-
STAND
Serendipity
26.1%
DEAD FATHER COMES BACK AS GOLDEN RETREIVER
Fluke
5.3%
Quiz Playlist
Details
Report
Send in Message
Add To Playlist
More Info:
Confused? Don't be! It's quite simple, really. I give you a fake newspaper headline that describes the plot of a film, and you have to guess the film.
Classic:
Type in answers that appear in a list
Random Order:
Randomize order of answers
Last Updated: Feb 16, 2017
Quiz Scoreboard
CHALLENGE
Sign Up to Join the Scoreboard
Show All
Scores
Hide
Comments
May contain spoilers
Recently Published
Presidents Visiting Landmarks
by Hejman
History
7m
An Introduction to Baseball
by treessimontrees
Sports
5m
Movies - When Are They Set?
by FPL_Elf
Movies
5m
More to Explore
Quiz From the Vault
Featured Blog Post
Where Did the Easter Bunny Come From?
hide this ad
You Might Also Like...
Tags
headline
Newspaper
Today's Top Quizzes in Movies
Browse Movies
hide this ad
Today's Top Quizzes in Newspaper
Browse Newspaper
Top Contributed Quizzes in Movies
1
Pick 5 Posters: Directed by Spielberg
2
7-to-1: Pixar Characters
3
Pick 5 Posters: Lowest-Rated Spielberg
4
Pick 5 Posters: Directed by Scorsese
5
Sorting Actors
6
Sorting Actresses
7
Pick 5 Posters: Star & Director
8
Pick 5 Posters: Women Directed 2020s
9
12 Movies about Fictional 1960s Events
10
Multi-Oscar Nominations, One Movie, One Winner
Explore More
Trending Topics
Harry Potter
NBA
Kpop
Anime
Marvel
Crossword
Disney
The Office
WWE
Puzzle
Soccer
Song
Pokémon
NFL
Country
hide this ad
More By:
tcatron565
Quiz
Plays
Rating
Category
Featured
Created
Continents and Oceans in 60 Seconds
184,916
4.27
Geography
Dec 4, 2010
Top 3 Largest U.S. Cities By State
6,290
4.65
Geography
Feb 12, 2011
Katy Perry - Firework Lyrics
4,805
2.38
Music
Nov 7, 2010
Most Played Songs on American Pop Radio in 2011
3,991
3.75
Music
Dec 24, 2011
Horror Films
1,360
4.22
Movies
Nov 6, 2010
Go to Creator's Profile
Score Distribution
Quiz Creator Spotlight
tcatron565
Follow
Send a Message
Quizzes Created
-
Created Quiz Play Count
-
More By This Creator
Popular Quizzes Today
1
Find the US States - No Outlines Minefield
2
Find the Countries of Europe - No Outlines Minefield
3
The Countries of the World
4
Find the US States
5
Popular People in 1961
6
US States
7
Risky Map Clicking: Biggest States A-Z
8
Movies - When Are They Set?
More Movies Quizzes
50 Flicks to Click (2007)
Published
Trending Quizzes
Risky Map Clicking: Least Populous States A-Z
1-10 Letter G Words
1-10 Letter F Words
Risky Map Clicking: Next State Alphabetically
Risky Map Clicking: Biggest States A-Z
Recently Updated
Leaping Animals
pecheneg
Reality TV Shows (A-Z)
bhenderson79
Rickey Henderson's Hall of Fame Teammates
pecheneg
Champions League XIs: Arsenal
pecheneg
Quick Pick: Celebrities in WWE's Hall of Fame
aduchscher
A-Z Keypad Blitz II
pecheneg
Multiple Oscar Actors
pecheneg
Mystery Phrase Blitz: Oscar 'Best Actors'
pecheneg
F. Scott Fitzgerald Novels
LTH
Pick 3 Villains
ddd62291
Trending Topics
Anime
Marvel
NBA
Harry Potter
Kpop
Crossword
Disney
Pokémon
Soccer
Puzzle
The Office
WWE
Song
Country
NFL
Your Account Isn't Verified!
In order to create a playlist on Sporcle, you need to verify the email address you used during registration. Go to your
Sporcle Settings
to finish the process.
Report this User
Report this user for behavior that violates our
Community Guidelines
.
Details:
Send Report
Go to the Sporcle.com Mobile Site →
Comments